| 000 | 01203nam a22002897a 4500 | ||
|---|---|---|---|
| 003 | DO-SdBNP | ||
| 005 | 20210507125937.0 | ||
| 008 | 210507b2017 dr | 00| 0 spa d | ||
| 020 | _a9789945492934 | ||
| 040 |
_aBPMSU _6spa _cBPMSU |
||
| 082 |
_aRD863.5 _bA185p 2017 _222 |
||
| 100 | _aAcosta, José, | ||
| 245 | 1 | 3 |
_aEl patio de los bramidos : _bPremio Anual de Cuento José Ramón López 2015 / _cJosé Acosta |
| 260 |
_aSanto Domingo: _bMinisterio de Cultura ; _bEditora Nacional _c2017. |
||
| 300 |
_a137 p. : _c20 cm. |
||
| 490 | 0 | _aNarrativa | |
| 500 | _3Incluyes datos Bibliográfico de autor el las solapas | ||
| 500 | _3Jurado Luis Martín Gómez, Noé Zayas y Avelino Stanley | ||
| 505 | 0 | _aDe bolos y coludos -- El patio de los bramidos -- La carga -- Las desterradas hijas de EVa -- En el mundo de Ben -- El soplón -- Por una noche -- El mundo verdadero -- Pleitos ajenos -- Compendio a Sandra. | |
| 586 | _aPremio Anual de cuento José Ramón López, 2015 | ||
| 590 | _6Inventariado, 2021/ VM | ||
| 650 | 4 |
_aCertamenes literarios _zRepública dominicana |
|
| 650 | 4 | _aCuentos dominicanos | |
| 650 | 4 | _aLiteratura dominicana | |
| 910 | _aMCabrera/VMateo | ||
| 942 |
_2ddc _cBK |
||
| 999 |
_c13460 _d13460 |
||